| 000 | 00519nam a2200145 a 4500 | ||
|---|---|---|---|
| 008 | 120416s1976 ||||||||||||||||| || u | ||
| 050 | _aQE 501 Kha | ||
| 100 | _aKhan, M. Aftab | ||
| 245 | 1 | 0 | _aGlobal geology |
| 260 |
_aLondon _bWykeham Publications _c1976 |
||
| 300 | _aix, 165p. : ill | ||
| 350 | _a0.00 | ||
| 650 | _aGEOLOGY--STUDY AND TEACHING | ||
| 995 |
_D0.00 _FCBU-MAIN LIBRARY (Kitwe) _H1 _I6.00 _M1 _UAVAILABLE _WMar 16, 2007 _ZAnnex Low-Usage Collection |
||
| 999 |
_c44664 _d44664 |
||